000 00828cab a2200289 4500
001 WB2830-20
008 090401t1992 xxu||||| |||| 00| 0 eng d
035 _a(Sirsi) u68808
041 _aeng
245 _aUnlucky property people
260 _c1992
350 _a0
490 _aTimes
_v24 July 1992, 21(2)
520 _aLooks at the lessons of the 1974-5 property collapse ignored by many developers; as losers, like Heron and Mountleigh outnumber survivors such as British Land.
650 _aBRITISH LAND
650 _aHERON
650 _aLAND SECURITIES
650 _aMOUNTLEIGH
650 _aPROPERTY COMPANIES
650 _aPROPERTY CRASH 1974
650 _aRECESSION
650 _aROSEHAUGH
650 _aSPEYHAWK
690 _aPROPERTY-PROPERTY DEVELOPMENT
942 _n0
948 _c04/03/1997
999 _c43193
_d43193